| 000 | 00389nam a22001337a 4500 | ||
|---|---|---|---|
| 020 | _a9780071428286 | ||
| 040 | _cNUST | ||
| 082 |
_a621.38104 _bGIl |
||
| 100 |
_a.Phd, . Gilleo Ken _9123043 |
||
| 245 |
_aArea Array Packaging Materials _bAdhesive, Pestes, and Lead- Free |
||
| 260 |
_aNew York: _bMcGraw-Hill, _c2004. |
||
| 650 |
_aArea Array Packaging Materials _9123044 |
||
| 942 |
_2ddc _cBK |
||
| 999 |
_c609368 _d609368 |
||